000 00595nam a2200205 a 4500
001 11771
003 CO-ViMGA
008 141112s2004 ck r 000 u spa d
020 _a970101427
040 _aCO-ViMGA
_bspa
_cCO-ViMGA
082 0 4 _a668.41 B667m
100 1 _aBodini Gianni, Cacchi Pessani
_916459
245 1 0 _aMoldes y Máquinas de inyección para la transformación de plásticos
250 _a1
260 _aMexico,
_cMcGraw - Hill,
_c1992
300 _aV.1 V.2
650 1 4 _aMOLDES DE PLASTICOS, EQUIPO Y ACCESORIOS
_916460
650 1 4 _aPLASTICOS
_916461
942 _2ddc
_cBK
999 _c22927
_d22927